| Record ID | ia:linuxfirewallsen0000sueh |
| Source | Internet Archive |
| Download MARC XML | https://archive.org/download/linuxfirewallsen0000sueh/linuxfirewallsen0000sueh_marc.xml |
| Download MARC binary | https://www.archive.org/download/linuxfirewallsen0000sueh/linuxfirewallsen0000sueh_meta.mrc |
LEADER: 02615cam 2200637Ii 4500
001 ocn902880373
003 OCoLC
005 20220314023312.0
008 150206s2015 njua ob 001 0 eng d
006 m o d
007 cr unu||||||||
040 $aUMI$beng$erda$epn$cUMI$dCOO$dDEBBG$dOCLCF$dOCLCQ$dYDX$dCEF$dOCLCQ$dOCLCO
019 $a902886452
020 $a9780134000206
020 $a013400020X
020 $a0134000021$q(pbk. ;$qalk. paper)
020 $a9780134000022$q(pbk. ;$qalk. paper)
020 $a0134085043$q(pbk. ;$qalk. paper)
020 $a9780134085043$q(pbk. ;$qalk. paper)
020 $z9780134000022
035 $a(OCoLC)902880373$z(OCoLC)902886452
037 $aCL0500000550$bSafari Books Online
050 4 $aQA76.9.A25
082 04 $a005.8$223
100 1 $aSuehring, Steve,$eauthor.
245 10 $aLinux firewalls :$benhancing security with nftables and beyond /$cSteve Suehring.
246 30 $aEnhancing security with nftables and beyond
250 $aFourth edition.
264 1 $aUpper Saddle River, NJ :$bAddison-Wesley,$c[2015]
264 4 $c©2015
300 $a1 online resource (volumes) :$billustrations
336 $atext$btxt$2rdacontent
337 $acomputer$bc$2rdamedia
338 $aonline resource$bcr$2rdacarrier
588 0 $aOnline resource; title from title page (Safari, viewed January 30, 2015).
500 $aIncludes index.
504 $aIncludes bibliographical references (pages 313-314) and index.
630 00 $aLinux.
630 07 $aLinux.$2fast$0(OCoLC)fst01382136
650 0 $aComputers$xAccess control.
650 0 $aFirewalls (Computer security)
650 0 $aOperating systems (Computers)
650 7 $aComputers$xAccess control.$2fast$0(OCoLC)fst00872779
650 7 $aFirewalls (Computer security)$2fast$0(OCoLC)fst00925719
650 7 $aOperating systems (Computers)$2fast$0(OCoLC)fst01046280
655 4 $aElectronic books.
856 40 $3Safari Books Online$uhttp://proquest.safaribooksonline.com/9780134000206
856 4 $3Safari Books Online$uhttp://proquest.safaribooksonline.com/9780134000206
856 4 $uhttp://proquest.tech.safaribooksonline.de/9780134000206$xVerlag$3Volltext
856 4 $uhttp://proxy.library.carleton.ca/login?url=http://proquest.safaribooksonline.com/?uiCode=carleton&xmlId=9780134000206$zSafari (Access restricted to 5 simultaneous users)
938 $aYBP Library Services$bYANK$n14856276
029 1 $aDEBBG$bBV042487409
029 1 $aDEBSZ$b434828106
029 1 $aGBVCP$b882735616
994 $aZ0$bP4A
948 $hNO HOLDINGS IN P4A - 154 OTHER HOLDINGS